| 000 | 00622nam a22002057a 4500 | ||
|---|---|---|---|
| 005 | 20140416151200.0 | ||
| 010 | _aENG-109202 | ||
| 020 |
_c175.00 _a9780198097471 |
||
| 020 |
_c175.00 _a0198097476 |
||
| 035 | _aEN-92735 | ||
| 037 | _bDBAD/PUB | ||
| 082 | _aN | ||
| 100 | _aChellappa, C. S. | ||
| 245 |
_aVaadivaasal / _cby C. S. Chellapa; translated from Tamil by N. Kalyan Raman |
||
| 260 |
_bOxford University Press _c2013 _aNew Delhi |
||
| 270 |
_bNew Delhi _e110001 _aYMCA Library Building, 1 Jai Singh Road |
||
| 300 |
_axxxii,88p. _c18cm(pbk) |
||
| 700 | _aKalyan Raman, N. | ||
| 942 |
_2ddc _cEN _mCHE _hN |
||
| 999 |
_c82247 _d82247 |
||